Law of tort with law of statutory compensation and consumer protection (Record no. 156816)

MARC details
000 -LEADER
fixed length control field 00436nam a2200157Ia 4500
008 - FIXED-LENGTH DATA ELEMENTS--GENERAL INFORMATION
fixed length control field 230917s9999||||xx |||||||||||||| ||und||
040 ## - CATALOGING SOURCE
-- 178014
Original cataloging agency VIVEKANANDA LIBRARY
041 ## - Language
-- English
082 ## - DDC NUMBER
Classification number 346.03 P645L
100 ## - MAIN ENTRY--PERSONAL NAME
Personal name Pillai, P.S.Atchuthen
245 #0 - TITLE STATEMENT
Title Law of tort with law of statutory compensation and consumer protection
250 ## - EDITION STATEMENT
Edition statement 9th ed.
260 ## - PUBLICATION, DISTRIBUTION, ETC. (IMPRINT)
Place of publication, distribution, etc Lucknow
Name of publisher, distributor, etc Eastern Book Co.
Date of publication, distribution, etc 2010
300 ## - PHYSICAL DESCRIPTION
Pages lii, 703 p.
942 ## - ADDED ENTRY ELEMENTS (KOHA)
Koha item type Books
Holdings
Withdrawn status Lost status Damaged status Not for loan Location (home branch) Sublocation or collection (holding branch) Date acquired Koha issues (times borrowed) Koha full call number Accession No. Koha date last seen Koha item type
        VIVEKANANDA LIBRARY VIVEKANANDA LIBRARY 14/01/2011   346.03 P645L 284416 17/09/2023 Books
        VIVEKANANDA LIBRARY VIVEKANANDA LIBRARY 14/01/2011   346.03 P645L 284417 17/09/2023 Books
        VIVEKANANDA LIBRARY VIVEKANANDA LIBRARY 14/01/2011   346.03 P645L 284418 17/09/2023 Books
        VIVEKANANDA LIBRARY VIVEKANANDA LIBRARY 14/01/2011   346.03 P645L 284419 17/09/2023 Books
        VIVEKANANDA LIBRARY VIVEKANANDA LIBRARY 14/01/2011 1 346.03 P645L 284420 27/01/2024 Books
© Designed and Maintained by Vivekananda Library, MDU Rohtak